Normal view
MARC view
Entry Personal Name
001 - CONTROL NUMBER
- control field: 233739
003 - CONTROL NUMBER IDENTIFIER
- control field: OSt
005 - DATE AND TIME OF LATEST TRANSACTION
- control field: 20250802122545.0
008 - FIXED-LENGTH DATA ELEMENTS
- fixed length control field: 250802|| aca||aabn | a|a d
040 ## - CATALOGING SOURCE
- Original cataloging agency: OSt
- Transcribing agency: OSt
100 ## - HEADING--PERSONAL NAME
- Personal name: Prakash G Apte
670 ## - SOURCE DATA FOUND
- Source citation: Work cat.: (OSt)227631: Prakash G Apte, International Financial Management, 2009